| 000 | 00612nam a2200229 i 4500 | ||
|---|---|---|---|
| 001 | bgj | ||
| 100 | 1 | _aCOTTRELL, John. | |
| 245 | 1 | 0 |
_aLaurence Olivier / _cby John Cottrel. |
| 260 |
_aLondon : _bWeidenfeld and Nicolson, _cc. 1975. |
||
| 300 |
_a433 pp, [14] : _bphotos ; _c24 cm. |
||
| 504 | _aBibliography p. 413-416. | ||
| 505 | _aIncludes index. | ||
| 600 | 1 | 9 | _aOlivier, Laurence, 1907- |
| 650 | 9 |
_aActors _zGreat Britain |
|
| 655 | _aBiographies | ||
| 020 | _a297769839 | ||
| 040 | _cBPK | ||
| 041 | 0 | _aeng | |
| 920 | _a297-76983-9 | ||
| 942 | _cKS | ||
| 008 | s uk f |000 0 eng | ||
| 999 |
_c47472 _d47472 |
||
| 856 |
_uhttp://koha.tu.koszalin.pl/cgi-bin/koha/opac-detail.pl?biblionumber=47472 _yKatalog online BPK |
||